[Event "Cagliari op 3rd"]
[Site "Cagliari"]
[Date "2003.03.23"]
[Round "7"]
[White "Atzeni, Franco"]
[Black "Mulas, Gianmarco"]
[Result "1/2-1/2"]
[WhiteElo "1909"]
[BlackElo "2106"]
[PlyCount "24"]
[EventDate "2003.03.08"]
[EventType "swiss"]
[EventRounds "7"]
[EventCountry "ITA"]
[SourceTitle "EXT 2024"]
[Source "ChessBase"]
[SourceDate "2023.10.10"]
[SourceVersion "1"]
[SourceVersionDate "2023.10.10"]
[SourceQuality "1"]

1. e4 c5 2. Nc3 e6 3. Bc4 Nc6 4. d3 Be7 5. Nge2 d6 6. 0-0 Qc7 7. f4 a6 8. a4 Nf6 9. Ng3 h5 10. e5 dxe5 11. Nge4 b6 12. h3 Bb7 1/2-1/2

[Event "Cagliari op 3rd"]
[Site "Cagliari"]
[Date "2003.03.23"]
[Round "6"]
[White "Mulas, Gianmarco"]
[Black "Saba, Carlo"]
[Result "1-0"]
[WhiteElo "2106"]
[BlackElo "1734"]
[PlyCount "91"]
[EventDate "2003.03.08"]
[EventType "swiss"]
[EventRounds "7"]
[EventCountry "ITA"]
[SourceTitle "EXT 2024"]
[Source "ChessBase"]
[SourceDate "2023.10.10"]
[SourceVersion "1"]
[SourceVersionDate "2023.10.10"]
[SourceQuality "1"]

1. c4 Nf6 2. Nc3 g6 3. Nf3 Bg7 4. g3 0-0 5. Bg2 c6 6. e4 d6 7. d4 Bg4 8. Qb3 Qc7 9. Be3 e5 10. d5 Bxf3 11. Bxf3 c5 12. h4 h6 13. Qc2 Kh7 14. g4 Qd7 15. Qe2 Ng8 16. g5 f5 17. exf5 gxf5 18. Qc2 Na6 19. a3 Nc7 20. Be2 a6 21. a4 b5 22. f3 bxc4 23. Bxc4 Rae8 24. 0-0-0 Kh8 25. Rhg1 Qf7 26. Rd2 f4 27. Bf2 h5 28. Ne4 Qd7 29. Qd3 Ra8 30. Ba2 Ne7 31. Bb1 Nf5 32. Rc2 Qf7 33. Rd1 Qd7 34. Rc3 Rab8 35. Qc2 Rb4 36. Nxc5 dxc5 37. Bxc5 Nxd5 38. Rxd5 Qxd5 39. Bxf8 Bxf8 40. Qxf5 Qg8 41. g6 Rc4 42. g7+ Qxg7 43. Rxc4 Qg1+ 44. Kc2 Qf2+ 45. Kb3 Qxf3+ 46. Ka2 1-0

[Event "Cagliari op 3rd"]
[Site "Cagliari"]
[Date "2003.03.22"]
[Round "4"]
[White "Stefanini, Simone"]
[Black "Mulas, Gianmarco"]
[Result "0-1"]
[WhiteElo "1699"]
[BlackElo "2106"]
[PlyCount "106"]
[EventDate "2003.03.08"]
[EventType "swiss"]
[EventRounds "7"]
[EventCountry "ITA"]
[SourceTitle "EXT 2024"]
[Source "ChessBase"]
[SourceDate "2023.10.10"]
[SourceVersion "1"]
[SourceVersionDate "2023.10.10"]
[SourceQuality "1"]

1. Nf3 c5 2. g3 Nc6 3. Bg2 d5 4. d3 Nf6 5. 0-0 e6 6. c3 Be7 7. Qc2 b6 8. Re1 Bb7 9. Nbd2 Rc8 10. e4 Qc7 11. exd5 Nxd5 12. Nc4 Bf6 13. Bg5 0-0 14. Ncd2 h6 15. Bxf6 Nxf6 16. Ne4 Nd5 17. Ned2 Rfd8 18. Nc4 Nde7 19. Rad1 Ng6 20. Qe2 Rd7 21. Nfe5 Ncxe5 22. Nxe5 Nxe5 23. Bxb7 Qxb7 24. Qxe5 Qa6 25. Qe2 Rcd8 26. c4 Rd4 27. f4 Qb7 28. Qf1 Qd7 29. Re3 Rxc4 30. dxc4 Qxd1 31. Qxd1 Rxd1+ 32. Kf2 Rh1 33. Kf3 Rxh2 34. Re2 Rxe2 35. Kxe2 g5 36. Ke3 Kg7 37. Ke4 f5+ 38. Ke5 gxf4 39. gxf4 Kf7 40. Kd6 h5 41. Kc7 h4 42. Kb7 h3 43. a4 h2 44. Kxa7 h1Q 45. Kxb6 Qa1 46. a5 Qxb2+ 47. Kxc5 Qb7 48. Kd6 Qa6+ 49. Kc5 Qxa5+ 50. Kd6 Qd8+ 51. Ke5 Qc7+ 52. Kd4 Qb6+ 53. Kc3 Kf6 0-1

[Event "ITA-ch sf"]
[Site "Arvier"]
[Date "2002.06.25"]
[Round "4"]
[White "Mulas, Gianmarco"]
[Black "Ricci, Marco"]
[Result "1/2-1/2"]
[WhiteElo "1732"]
[BlackElo "2162"]
[PlyCount "84"]
[EventDate "2002.06.22"]
[EventType "swiss"]
[EventRounds "9"]
[EventCountry "ITA"]
[SourceTitle "CBM 089 Extra"]
[Source "ChessBase"]
[SourceDate "2002.09.10"]
[SourceVersion "2"]
[SourceVersionDate "2002.09.10"]
[SourceQuality "1"]

1. c4 e5 2. Nc3 Nf6 3. Nf3 Nc6 4. e3 d6 5. Qc2 g6 6. Be2 Bg7 7. d3 0-0 8. a3 a5 9. Rb1 Ne8 10. b4 axb4 11. axb4 f5 12. b5 Ne7 13. d4 e4 14. Nd2 Nf6 15. Bb2 Be6 16. Nb3 b6 17. Rc1 d5 18. Nd2 dxc4 19. Nxc4 Nfd5 20. Nxd5 Nxd5 21. Ba3 Re8 22. g3 Bf7 23. Qb2 Bf8 24. Bxf8 Rxf8 25. Ne5 Be6 26. h4 Re8 27. Qc2 Nb4 28. Qc3 Na2 29. Qxc7 Nxc1 30. Qxc1 Qd6 31. 0-0 Bd5 32. Nc6 Rec8 33. Bc4 Kg7 34. Bxd5 Qxd5 35. Qb2 Ra2 36. Qb4 Rc7 37. Kg2 Kf7 38. Rc1 Kg7 39. Rc3 Ra8 40. Ne7 Qd7 41. Rxc7 Qxc7 42. Nc6 Qf7 1/2-1/2